Wymień kraje na świecie z najlepszą kuchnią - Statystyki

Ogólne statystyki
  • Ten quiz został rozwiązany 97 razy
  • Średni wynik to 7 z 10
Statystyki odpowiedzi
Odpowiedź % Poprawnych
Włochy
100%
Francja
91%
Chiny
90%
Japonia
88%
Hiszpania
86%
Grecja
74%
Meksyk
70%
Portugalia
60%
Indonezja
17%
Peru
3%
Nie znaleziono quizów pasujących do podanych kryteriów
Rozkład punktacji
Procent ludzi z każdym wynikiem
Percentyl według liczby udzielonych odpowiedzi
Twoja historia wyników
Nie rozwiązałeś tego quizu